000 02728cam a2200325 4500500
005 20260329012812.0
041 _afre
042 _adc
100 1 0 _aAmbec, Stefan
_eauthor
700 1 0 _aGarapin, Alexis
_eauthor
700 1 0 _aMuller, Laurent
_eauthor
700 1 0 _aSebi, Carine
_eauthor
245 0 0 _aRéglementation acceptable d'une ressource commune : une analyse expérimentale
260 _c2009.
500 _a83
520 _aNous testons en laboratoire trois instruments destinés à réguler l’exploitation d’une ressource commune par des agentshétérogènes : un système de taxes et de subventions, des quotas individuels transférables et non transférables. Nousproposons un modèle dans lequel l’objectif assigné à ces instruments est de réduire l’exploitation de la ressource parrapport à un régime de libre accès, sans pour autant diminuer le profit des utilisateurs. Si chacun des instruments permetd’atteindre en moyenne l’objectif de réduction, les instruments n’ont pas les mêmes effets sur les niveaux et la répartitiondes profits. Le système de taxes et de subventions permet de sélectionner les utilisateurs les plus efficaces, mais accroîtl’inégalité des profits individuels. En revanche, aucun instrument ne permet une amélioration des profits au sens strict dePareto, même si selon ce critère les deux instruments de marché sont plus performants que les quotas non-transférables.
520 _aAcceptable Regulation of a Common-Pool Resource : an Experimental Analysis We conduct a laboratory experiment to test three regulations imposed on a common-pool resource game : an access feeand subsidy system, transferable quotas, and non-transferable quotas. Theory predicts that they all reduce resource usefrom free access to the same target level without hurting users. We find that, on average, the regulator’s target is less likelyto be met with fees than with the other regulation tools. The fee system tends to select the most efficient users moreconsistently, but leads to more inequality. All regulations fail to make every user better off, although the two market-basedinstruments outperform the non-transferable quotas on this criterion.
690 _aéconomie expérimentale
690 _aquota
690 _aréglementation
690 _aressource commune
690 _ataxe
690 _acommon-pool resource
690 _aexperimental economics
690 _aquota
690 _aregulation
690 _atax
786 0 _nÉconomie & prévision | 190-191 | 4 | 2009-12-28 | p. 107-122 | 0249-4744
856 4 1 _uhttps://shs.cairn.info/revue-economie-et-prevision-1-2009-4-page-107?lang=fr&redirect-ssocas=7080
999 _c1874434
_d1874434